Territoires zéro chômeur de longue durée : les défis du travail et de la formation (notice n° 1634669)
[ vue normale ]
| 000 -LEADER | |
|---|---|
| fixed length control field | 01516cam a2200253 4500500 |
| 005 - DATE AND TIME OF LATEST TRANSACTION | |
| control field | 20260111132914.0 |
| 041 ## - LANGUAGE CODE | |
| Language code of text/sound track or separate title | fre |
| 042 ## - AUTHENTICATION CODE | |
| Authentication code | dc |
| 100 10 - MAIN ENTRY--PERSONAL NAME | |
| Personal name | Bourgain, Marina |
| Relator term | author |
| 245 00 - TITLE STATEMENT | |
| Title | Territoires zéro chômeur de longue durée : les défis du travail et de la formation |
| 260 ## - PUBLICATION, DISTRIBUTION, ETC. | |
| Date of publication, distribution, etc. | 2025.<br/> |
| 500 ## - GENERAL NOTE | |
| General note | 87 |
| 520 ## - SUMMARY, ETC. | |
| Summary, etc. | L’expérimentation Territoires zéro chômeur de longue durée repose sur un pari : adapter l’activité aux publics éloignés de l’emploi, plutôt que l’inverse. Si la priorité a d’abord été donnée à l’accès au travail, la formation apparaît désormais comme essentielle pour stabiliser les parcours et construire de véritables projets professionnels. À partir d’enquêtes de terrain, ce Céreq Bref présente les logiques de formation observées dans ces milieux de travail singuliers, et les différents rapports à la formation qu’entretiennent ces salarié·es, fragilisé·es par des parcours souvent faits de ruptures. |
| 690 ## - LOCAL SUBJECT ADDED ENTRY--TOPICAL TERM (OCLC, RLIN) | |
| Topical term or geographic name as entry element | Chômage de longue durée |
| 690 ## - LOCAL SUBJECT ADDED ENTRY--TOPICAL TERM (OCLC, RLIN) | |
| Topical term or geographic name as entry element | Expérimentation sociale |
| 690 ## - LOCAL SUBJECT ADDED ENTRY--TOPICAL TERM (OCLC, RLIN) | |
| Topical term or geographic name as entry element | Formation professionnelle en entreprise |
| 690 ## - LOCAL SUBJECT ADDED ENTRY--TOPICAL TERM (OCLC, RLIN) | |
| Topical term or geographic name as entry element | Mesure pour l'emploi |
| 690 ## - LOCAL SUBJECT ADDED ENTRY--TOPICAL TERM (OCLC, RLIN) | |
| Topical term or geographic name as entry element | Réinsertion professionnelle |
| 690 ## - LOCAL SUBJECT ADDED ENTRY--TOPICAL TERM (OCLC, RLIN) | |
| Topical term or geographic name as entry element | Représentation de la formation |
| 700 10 - ADDED ENTRY--PERSONAL NAME | |
| Personal name | Gosseaume, Valérie |
| Relator term | author |
| 700 10 - ADDED ENTRY--PERSONAL NAME | |
| Personal name | Moncel, Nathalie |
| Relator term | author |
| 786 0# - DATA SOURCE ENTRY | |
| Note | Céreq Bref | 479 | 15 | 2025-12-11 | p. 1-4 | 0758-1858 |
| 856 41 - ELECTRONIC LOCATION AND ACCESS | |
| Uniform Resource Identifier | <a href="https://shs.cairn.info/revue-cereq-bref-2025-15-page-1?lang=fr&redirect-ssocas=7080">https://shs.cairn.info/revue-cereq-bref-2025-15-page-1?lang=fr&redirect-ssocas=7080</a> |
Pas d'exemplaire disponible.




Réseaux sociaux